000 00287nam a22001337a 4500
008 170918b xxu||||| |||| 00| 0 eng d
020 _a0300037635
041 _aeng
080 _a7
100 _a44
101 _aART
245 _aPATTERNS OF INTENTION
_cBAXANDALL,M
942 _2udc
_cBK
999 _c27895
_d27895